Top Chef Winners- Sudden Death - Statistics

General Stats
  • This quiz has been taken 9 times
  • The average score is 4 of 7
Answers on the Grid
Answers color-coded by a green-red scale on the quiz's grid according to % correct below.
Buhdda Lo
Melissa King
Gregory Gourdet
Joe Flamm
Kelsey Barnard-Clark
Josie Smith-Malave
Suyai Steinhauer
Danny Garcia
Kristen Kish
Jamie Tran
Tiffani Faison
Elia Aboumrad
Richard Blais
Dale Talde
 
Answer Stats
Answer % Correct
Buhdda Lo
88%
Melissa King
63%
Richard Blais
63%
Danny Garcia
50%
Joe Flamm
50%
Kelsey Barnard-Clark
50%
Kristen Kish
50%
No matching quizzes found
Score Distribution
Percent of People with Each Score
Percentile by Number Answered
Your Score History
You have not taken this quiz